zpět

Detail výsledku týmu

Skáld Coffee, Louny

Datum a čas kvízu

41.5 Celkem bodů Celkový počet nahraných bodů na tomto kvízu bez doplňovacích otázek.
1. Pořadí na kvízu Konečné umístění týmu na tomto kvízu.

Zaznamenané odpovědi

# Otázka Odpověď Body Výsledky
1. Předseda poslanecké sněmovny T... o klik 1
2. Minulou středu odstartovala z... A 1
3. Která zpěvačka o víkendu prozr... Lucie Bílá 1
4. Jeden evropský výrobce nákladn... Mercedes(-Benz) 0
5. Který slavný sportovec minulý... Tiger Woods 1
6. Vítězné téma facebookového hla... 1B 2D 3C 4A 1
7. Ve Formuli 1 můžeme občas zazn... A 1
8. Nejvíce velkých cen, k sezóně... A 0
9. Tato stáj působila ve Formuli... Brawn GP 1
10. Ve kterém státě se nachází záv... v Mexiku 0